Statistics for New Zealand A-Z

Click here to take the quiz!

General Stats

  • This quiz has been taken 52 times
  • The average score is 15 of 26

Answer Stats

LetterHintAnswer% Correct
ALargest and most populous city in New ZealandAuckland
95%
KNational Bird as well as nickname for the people living in New ZealandKiwi
88%
RThe sport the All Blacks playRugby
86%
MIndigenous people of New ZealandMaori
84%
QFamous tourist city in the South IslandQueenstown
81%
T______ Sea between Australia and New ZealandTasman
79%
LOne of the two major political partiesLabour
70%
DCity home to the steepest street in the worldDunedin
65%
PCity on the west coast of the North Island: New _________Plymouth
65%
UThe flag contains the Southern Cross and the ______ _____Union Jack
65%
WCity even windier than ChicagoWellington
65%
FNational emblem of several sport teams: Silver ____Fern
63%
JEnglish navigator who sighted New Zealand in 1769 more than a century after Abel TasmanJames Cook
60%
ICity near the southern tip of the South IslandInvercargill
56%
YPrimary Colour not found on the flagYellow
56%
SThe tallest free-standing structure in the Southern HemisphereSky Tower
53%
NCity on the East Coast for the North Island famous for Art Deco architectureNapier
51%
GCity on the East Coast of the North Island home to famous R&V festivalGisborne
47%
ZAirport code for 'Q'ZQN
47%
XSinging show that only lasted two series in 2013 and 2015X Factor
42%
VMost popular university in the capitalVictoria
37%
CNorthernmost point of the North IslandCape Reinga
35%
EMount ______ : Also known as Mount TaranakiEgmont
35%
HFormer Prime Minister from 1999-2008Helen Clark
35%
BLocated in the Marlborough Region, it is a gateway to the wineries of the Wairau valleyBlenheim
33%
OHost city of the New Zealand Mardi GrasOhakune
16%

Score Distribution

Percentile by Number Answered

Percent of People with Each Score

Your Score History

You have not taken this quiz